|
|
|
|
| LEADER |
00000naa2a2200000 4500 |
| 001 |
105983 |
| 005 |
20251202141143.0 |
| 035 |
|
|
|a (RuTPU)RU\TPU\book\114369
|
| 090 |
|
|
|a 105983
|
| 100 |
|
|
|a 20061129d2003 k y0rusy50 ca
|
| 101 |
0 |
|
|a rus
|
| 102 |
|
|
|a RU
|
| 200 |
1 |
|
|a Энергопотребление в регионах с отрицательными среднегодовыми температурами (на примере Томской области)
|f Г. Н. Климова, В. В. Литвак
|
| 463 |
|
1 |
|0 (RuTPU)RU\TPU\book\62183
|t Электроэнергетика, электротехнические системы и комплексы
|o материалы международной научно-технической конференции, Томск, 3-5 сентября 2003 г.
|f Томский политехнический университет; Сибирское отделение РАН
|v С. 290-292
|d 2003
|
| 610 |
1 |
|
|a отрицательные температуры
|
| 610 |
1 |
|
|a Томская область
|
| 610 |
1 |
|
|a энергопотребление
|
| 610 |
1 |
|
|a суммарный спрос
|
| 610 |
1 |
|
|a климатические условия
|
| 610 |
1 |
|
|a энергозатраты
|
| 610 |
1 |
|
|a энергосбережение
|
| 610 |
1 |
|
|a труды учёных ТПУ
|
| 700 |
|
1 |
|a Климова
|b Г. Н.
|c специалист в области энергетики
|c доцент Томского политехнического университета, кандидат технических наук
|f 1976-
|g Галина Николаевна
|3 (RuTPU)RU\TPU\pers\26727
|9 12385
|
| 701 |
|
1 |
|a Литвак
|b В. В.
|c специалист в области теплоэнергетики
|c профессор Томского политехнического университета, доктор технических наук
|f 1940-
|g Валерий Владимирович
|3 (RuTPU)RU\TPU\pers\25676
|9 11587
|
| 801 |
|
1 |
|a RU
|b 63413507
|c 20061129
|g PSBO
|
| 801 |
|
2 |
|a RU
|b 63413507
|c 20140226
|g RCR
|
| 942 |
|
|
|c BK
|